<?xml version="1.0" encoding="UTF-8"?>
<marc:record xmlns:marc="http://www.loc.gov/MARC21/slim">
   <marc:leader>00000nam a2200000 a 4500</marc:leader>
   <marc:datafield ind1="1" ind2=" " tag="100">
      <marc:subfield code="a">Murphy-Hiscock, Arin</marc:subfield>
      <marc:subfield code="4">aut</marc:subfield>
      <marc:subfield code="e">Verfasser/-in</marc:subfield>
   </marc:datafield>
   <marc:datafield ind1=" " ind2=" " tag="653">
      <marc:subfield code="a">Selbstfindung</marc:subfield>
   </marc:datafield>
   <marc:datafield ind1=" " ind2=" " tag="653">
      <marc:subfield code="a">Hexen</marc:subfield>
   </marc:datafield>
   <marc:datafield ind1=" " ind2=" " tag="653">
      <marc:subfield code="a">Rituale</marc:subfield>
   </marc:datafield>
   <marc:datafield ind1=" " ind2=" " tag="653">
      <marc:subfield code="a">Selbsthilfe</marc:subfield>
   </marc:datafield>
   <marc:datafield ind1=" " ind2=" " tag="653">
      <marc:subfield code="a">Selbstheilung</marc:subfield>
   </marc:datafield>
   <marc:datafield ind1=" " ind2=" " tag="653">
      <marc:subfield code="a">Selbsterfahrung</marc:subfield>
   </marc:datafield>
   <marc:datafield ind1="0" ind2="0" tag="245">
      <marc:subfield code="a">Magie für die Seele</marc:subfield>
   </marc:datafield>
   <marc:datafield ind1="0" ind2="0" tag="245">
      <marc:subfield code="b">pflanzliche Heilmittel, Zaubersprüche, Meditationen und Rituale, um Körper und Geist zu beruhigen und zu pflegen</marc:subfield>
   </marc:datafield>
   <marc:datafield ind1=" " ind2="1" tag="264">
      <marc:subfield code="b">mvg Verlag</marc:subfield>
      <marc:subfield code="c">2021</marc:subfield>
   </marc:datafield>
   <marc:datafield ind1="1" ind2=" " tag="520">
      <marc:subfield code="a">Klappentext: Gönne dir selbst eine magische Auszeit und verwöhne Körper und Seele mithilfe der Tipps der Naturhexe Arin Murphy-Hiscock. Die Autorin des beliebten Buches »Grüne Magie« zeigt dir, wie du dich mit Zaubersprüchen, Ritualen, nährenden Rezepten, aber auch Affirmationen, Meditationen und Dankbarkeitsübungen mit dem Magischen in dir verbindest und dir die Zeit und Aufmerksamkeit schenkst, die du verdienst. Nutze die Magie der Selbstpflege, um Stress abzubauen, mit dir selbst in Einklang zu kommen und dir und deiner Seele Gutes zu tun.  Über den Autor und weitere Mitwirkende Arin Murphy-Hiscock ist Autorin mehrerer Bücher zum Thema Wicca, Magie und Hexen. Seit über 20 Jahren ist sie im Bereich alternativer Spiritualität tätig. Sie lebt in Montreal, Kanada.</marc:subfield>
   </marc:datafield>
   <marc:datafield ind1=" " ind2=" " tag="020">
      <marc:subfield code="a">9783747402726</marc:subfield>
      <marc:subfield code="9">9783747402726</marc:subfield>
   </marc:datafield>
</marc:record>
